| 000 | 00492cam a2200193ua 4500 | ||
|---|---|---|---|
| 001 | 9437 | ||
| 008 | 150909n ii |||gr||||Z||||||eng | ||
| 040 | _cMAIN | ||
| 041 | _aeng | ||
| 082 | _a370.54 | ||
| 100 |
_aSafaya, Raghunath, _eAuthor. |
||
| 245 | 1 |
_aDevelopment, planning & problems of Indian education _cby Raghunath Safaya |
|
| 250 | _a7th rev. ed. | ||
| 260 |
_aDelhi: _bDhanpat Rai & sons. |
||
| 300 | _a370p. | ||
| 653 | _aEducation | ||
| 653 | _aIndian education | ||
| 942 | _cBK | ||
| 999 |
_c8490 _d8490 |
||